Criterios de divisibilidad

שמור ב:
מידע ביבליוגרפי
מחבר ראשי: Vorobiov, N. N (Author)
פורמט: ספר
שפה:ספרדית
יצא לאור: Moscú Mir 1975
סדרה:Lecciones Populares de Matemáticas
נושאים:
תגים: הוספת תג
אין תגיות, היה/י הראשונ/ה לתייג את הרשומה!

MARC

LEADER 00000cam a2200000 a 4500
001 UCF2453
003 CL-VaPUC
008 120824e19750000RU |||||||||||||||||spa|d
082 0 4 |a 512.7  |b VOR  |2 21 
100 0 |a Vorobiov, N. N  |e author  |9 564096 
245 1 0 |a Criterios de divisibilidad 
300 |a 76 p 
942 |c BK 
945 |d 20120824 00:00:00  |a dcastane 
260 |a Moscú  |b Mir  |c 1975 
650 0 |a Matemática  |9 260235 
650 0 |a Teoría de números  |9 265327 
650 7 |a DIVISIBILIDAD  |2 CL-VaPUC  |9 392261 
650 0 |a Números   |9 265328 
583 |a last modification  |c 20120824 12:41:00  |k Rodrigo Vera 
490 0 |a Lecciones Populares de Matemáticas 
999 |c 349014  |d 349012